000 00652nam a2200181 i 4500
001 31224
003 ES-MaACL
005 20230906154335.0
007 t|
008 030128s1966 sp ||||1| spa d
100 1 _aBehrman, Howard T.
_927063
245 1 0 _aAtlas de dermatología clínica para el médico general /
_cHoward T. Behrman con la colaboración de theodore A. Labow ; versión, J. Mª Giménez Camarasa.
260 _aBarcelona :
_bCientífico Médica,
_c1966.
300 _a191 p., 8 lám. ;
_c26 cm.
700 1 _aLabow, Theodore A.
_969269
700 1 _aGiménez Camarasa, José María.
_9147033
852 _aES-MaACL
_jC-31246
_bR.61772
999 _c31224
_d31224